000 01320nas1a22003971i 4500
001 RU\NLR\INFOCOMM16\1000033060
005 20260406104928.0
011 _a1607-3991
035 _a(NLR Aleph) 002712606
090 _a1804938
_c1804938
100 _a20040225a19979999|||y0rusy50 ca
101 0 _arus
102 _aRU
110 _aagu||||0|y0
200 1 _aДетское творчество
_eИл. журн.
_fУчредитель: Ред. журн. "Нар. образование"
210 _aМ.
_d1997-
712 0 2 _4570
_a"Народное образование", журнал
_cМосква
_9278812
_3RU\NLR\AUTH\883752
801 1 _aRU
_bInfoComm
_c20040225
801 0 _aRU
_bNLR
_gPSBO
852 _aNLR
_jП29/772
942 _cJOURNAL
980 _aRUSPER